[Event "BL 1718 SV Hockenheim - MSA Zugzwang"]
[Site "?"]
[Date "2017.12.09"]
[Round "5.1"]
[White "Mons, Leon"]
[Black "Wagner, Dennis"]
[Result "1/2-1/2"]
[WhiteElo "2520"]
[BlackElo "2566"]
[PlyCount "82"]
[EventDate "2017.??.??"]

1. d4 d5 2. c4 e6 3. Nc3 c6 4. e3 Nf6 5. Nf3 Nbd7 6. Bd2 Bd6 7. Bd3 dxc4 8.
Bxc4 b5 9. Bd3 Bb7 10. a3 a5 11. O-O O-O 12. e4 e5 13. dxe5 Nxe5 14. Nxe5 Bxe5
15. Qe2 Re8 16. Rad1 Qe7 17. Kh1 b4 18. Na4 bxa3 19. bxa3 Qxa3 20. Nb6 Rad8 21.
Bg5 Qc5 22. f4 Bd4 23. e5 Qxb6 24. Bxf6 gxf6 25. Qh5 f5 26. Bxf5 c5 27. Qxh7+
Kf8 28. Rb1 Qc6 29. Qh8+ Ke7 30. Qh4+ Kf8 31. Qh8+ Ke7 32. Rxb7+ Qxb7 33. Qf6+
Kf8 34. Qh8+ Ke7 35. Qf6+ Kf8 36. h4 c4 37. Qh8+ Ke7 38. Qf6+ Kf8 39. Rb1 Bb2
40. Qh8+ Ke7 41. Qf6+ Kf8 1/2-1/2

[Event "BL 1718 SV Hockenheim - MSA Zugzwang"]
[Site "?"]
[Date "2017.12.09"]
[Round "5.2"]
[White "Saric, Ivan"]
[Black "Bromberger, Stefan"]
[Result "1-0"]
[WhiteElo "2669"]
[BlackElo "2495"]
[PlyCount "117"]
[EventDate "2017.??.??"]

1. e4 e5 2. Nf3 Nc6 3. Bb5 a6 4. Ba4 Nf6 5. O-O Be7 6. Re1 b5 7. Bb3 d6 8. c3
O-O 9. h3 Bb7 10. d4 Re8 11. Nbd2 Bf8 12. a4 h6 13. Bc2 exd4 14. cxd4 Nb4 15.
Bb1 c5 16. d5 Nd7 17. Ra3 f5 18. g4 fxg4 19. Nh2 c4 20. Nxg4 h5 21. Nh2 Ne5 22.
Qxh5 Nbd3 23. Bxd3 b4 24. Ra1 Nxd3 25. Re3 Re5 26. Qe2 Rg5+ 27. Kh1 Qf6 28. Ng4
Rxg4 29. hxg4 Qh4+ 30. Kg1 Ne5 31. Rg3 Bc8 32. Nf3 Qxg3+ 33. fxg3 Bxg4 34. Bf4
Nxf3+ 35. Kf2 g5 36. Qxc4 Ra7 37. e5 Rh7 38. e6 Rh2+ 39. Ke3 gxf4+ 40. gxf4 Rh3
41. Kf2 Nd2 42. Qxb4 Rf3+ 43. Ke1 Nf1 44. Ra3 Ne3 45. Kd2 Nxd5 46. Qd4 Rf1 47.
Qe4 Rf2+ 48. Kc1 Rf1+ 49. Kc2 Rf2+ 50. Kb1 Rf1+ 51. Kc2 Rf2+ 52. Kb3 Rf3+ 53.
Ka2 Nb4+ 54. Qxb4 Bxe6+ 55. Kb1 Bf5+ 56. Kc1 Rf1+ 57. Kd2 d5 58. Rg3+ Kf7 59.
Qb7+ 1-0

[Event "BL 1718 SV Hockenheim - MSA Zugzwang"]
[Site "?"]
[Date "2017.12.09"]
[Round "5.3"]
[White "Hertneck, Gerald"]
[Black "Buhmann, Rainer"]
[Result "0-1"]
[WhiteElo "2498"]
[BlackElo "2584"]
[PlyCount "98"]
[EventDate "2017.??.??"]

1. d4 d5 2. c4 e6 3. Nf3 Nf6 4. Nc3 c6 5. e3 Nbd7 6. Bd3 dxc4 7. Bxc4 b5 8. Bb3
b4 9. Ne2 Bb7 10. O-O Bd6 11. Re1 O-O 12. Ng3 c5 13. Qd3 cxd4 14. exd4 Bxg3 15.
hxg3 Nc5 16. Qc4 Nxb3 17. axb3 Qb6 18. Qc5 Bxf3 19. gxf3 Qb7 20. Kg2 Rfc8 21.
Qe5 Rc2 22. Be3 Rac8 23. d5 Qxd5 24. Bxa7 Qxe5 25. Rxe5 Nd5 26. Rb1 R8c7 27.
Be3 Re2 28. Bf4 Rxe5 29. Bxe5 Rc2 30. Ra1 f6 31. Ra8+ Kf7 32. Ra7+ Ke8 33. Bd6
g5 34. Rb7 Rxb2 35. Bxb4 Rxb3 36. Rb8+ Kd7 37. Bd6 Rxb8 38. Bxb8 h5 39. Kh3 Ne7
40. Ba7 Ng6 41. Bb6 e5 42. Ba5 Ke6 43. Bd8 Kf7 44. Ba5 Ne7 45. Kg2 Ke6 46. Bb6
Nd5 47. Ba5 Kd6 48. Kh2 Kc5 49. Bd8 Kd4 0-1

[Event "BL 1718 SV Hockenheim - MSA Zugzwang"]
[Site "?"]
[Date "2017.12.09"]
[Round "5.4"]
[White "Baramidze, David"]
[Black "Zysk, Robert"]
[Result "1-0"]
[WhiteElo "2612"]
[BlackElo "2413"]
[PlyCount "93"]
[EventDate "2017.??.??"]

1. d4 e6 2. Nf3 Nf6 3. e3 b6 4. Bd3 Bb7 5. O-O d5 6. Nbd2 Nbd7 7. b3 Bd6 8. Bb2
Ne4 9. c4 O-O 10. Qc2 f5 11. Rfd1 Ndf6 12. cxd5 Bxd5 13. h3 Qc8 14. Nc4 Qb7 15.
Nfe5 Rad8 16. Rac1 Kh8 17. f3 Ng5 18. Qf2 Kg8 19. Qg3 Nf7 20. Nxd6 cxd6 21.
Nxf7 Rxf7 22. Ba3 Qe7 23. Rc2 Nh5 24. Qf2 Be4 25. Rcc1 Bxd3 26. Rxd3 Qb7 27.
Rdc3 Qa6 28. Bb4 Qb5 29. Rc4 Nf6 30. Qg3 Rfd7 31. Kh2 Nd5 32. a4 Qa6 33. Bd2
Qb7 34. e4 fxe4 35. Bg5 Ne7 36. Qg4 d5 37. Qxe6+ Kh8 38. R4c3 Rf8 39. Bxe7 Rxe7
40. Rc8 Ref7 41. fxe4 dxe4 42. d5 h6 43. d6 Rxc8 44. Rxc8+ Kh7 45. h4 Qd7 46.
Qxe4+ Rf5 47. g4 1-0

[Event "BL 1718 SV Hockenheim - MSA Zugzwang"]
[Site "?"]
[Date "2017.12.09"]
[Round "5.5"]
[White "Hoffmeyer, Falk"]
[Black "Banusz, Tamas"]
[Result "0-1"]
[WhiteElo "2356"]
[BlackElo "2629"]
[PlyCount "70"]
[EventDate "2017.??.??"]

1. Nf3 d5 2. e3 Nf6 3. c4 c6 4. Nc3 a6 5. d4 e6 6. a3 Nbd7 7. Bd3 dxc4 8. Bxc4
b5 9. Ba2 c5 10. O-O Bb7 11. dxc5 Bxc5 12. b4 Be7 13. Bb2 O-O 14. Qd4 Qb8 15.
Rfd1 Rd8 16. Qh4 Bxf3 17. gxf3 Ne5 18. Qh3 Nd3 19. Rab1 Nxb2 20. Rxb2 Rxd1+ 21.
Nxd1 Qc7 22. Qf1 Rd8 23. Qe2 Qc1 24. Bb3 Nd5 25. Kg2 Bf6 26. Ra2 Nc3 27. Nxc3
Qxc3 28. Qc2 Qe1 29. Qe4 h5 30. f4 g6 31. Rc2 Kg7 32. Ra2 Rc8 33. Rc2 Qb1 34.
a4 Rc3 35. axb5 axb5 0-1

[Event "BL 1718 SV Hockenheim - MSA Zugzwang"]
[Site "?"]
[Date "2017.12.09"]
[Round "5.6"]
[White "Braun, Arik"]
[Black "Schramm, Christian"]
[Result "1/2-1/2"]
[WhiteElo "2583"]
[BlackElo "2373"]
[PlyCount "89"]
[EventDate "2017.??.??"]

1. d4 Nf6 2. c4 e6 3. Nc3 Bb4 4. f3 d5 5. a3 Be7 6. e4 dxe4 7. fxe4 c5 8. d5
exd5 9. exd5 O-O 10. Nf3 Bg4 11. h3 Bxf3 12. Qxf3 Bd6 13. Be2 Nbd7 14. O-O a6
15. g4 h6 16. h4 Qe7 17. g5 hxg5 18. hxg5 Nh7 19. Ne4 Rae8 20. Nxd6 Qxd6 21.
Bd3 Qe5 22. Bxh7+ Kxh7 23. Bf4 Qd4+ 24. Rf2 Ne5 25. Qh3+ Kg6 26. Be3 Qg4+ 27.
Qg2 b6 28. Bf4 Qxg2+ 29. Rxg2 Nxc4 30. Rd1 Ne3 31. Bxe3 Rxe3 32. d6 Rfe8 33.
Rdd2 Rd8 34. d7 Re7 35. Rd6+ Re6 36. Rd5 Rc6 37. Re2 Re6 38. Red2 Kh7 39. Kf2
Kg8 40. a4 Kf8 41. Kf3 Ke7 42. b3 Re1 43. Kf4 Rf1+ 44. Kg4 Rg1+ 45. Kf4 1/2-1/2

[Event "BL 1718 SV Hockenheim - MSA Zugzwang"]
[Site "?"]
[Date "2017.12.09"]
[Round "5.7"]
[White "Gerigk, Erasmus"]
[Black "Boguslawski, Oleg"]
[Result "1/2-1/2"]
[WhiteElo "2339"]
[BlackElo "2402"]
[PlyCount "43"]
[EventDate "2017.??.??"]

1. e4 c5 2. Nc3 Nc6 3. f4 e6 4. Nf3 d5 5. Bb5 dxe4 6. Bxc6+ bxc6 7. Nxe4 Nf6 8.
Qe2 Nxe4 9. Qxe4 Qd5 10. d3 Ba6 11. b3 c4 12. bxc4 Qxe4+ 13. dxe4 Bc5 14. Ne5
f6 15. Nd3 Bd4 16. Bb2 O-O-O 17. O-O-O Be3+ 18. Kb1 Bxc4 19. Rhe1 Bb6 20. g4
Rhf8 21. h4 Rf7 22. g5 1/2-1/2

[Event "BL 1718 SV Hockenheim - MSA Zugzwang"]
[Site "?"]
[Date "2017.12.09"]
[Round "5.8"]
[White "Bodrozic, Tomislav"]
[Black "Lammers, Markus"]
[Result "1/2-1/2"]
[WhiteElo "2356"]
[BlackElo "2319"]
[PlyCount "81"]
[EventDate "2017.??.??"]

1. e4 d6 2. d4 Nf6 3. Nc3 e5 4. Nf3 Nbd7 5. Bc4 Be7 6. a4 O-O 7. O-O c6 8. h3
exd4 9. Qxd4 Nc5 10. Rd1 a5 11. Bf4 Qb6 12. Bxd6 Bxd6 13. Qxd6 Ncxe4 14. Nxe4
Nxe4 15. Qd4 Qxd4 16. Rxd4 Nc5 17. g4 Re8 18. Ng5 Ne6 19. Nxe6 Bxe6 20. Bxe6
Rxe6 21. Rd7 Rb8 22. Rad1 Kf8 23. Rc7 Re7 24. Rdd7 Rxd7 25. Rxd7 b5 26. axb5
Rxb5 27. b3 h5 28. Ra7 Rg5 29. Kf1 hxg4 30. hxg4 Rxg4 31. Rxa5 Re4 32. Ra7 Re7
33. Ra8+ Re8 34. Ra7 Re7 35. Ra8+ Re8 36. Ra6 Re6 37. c4 Ke7 38. b4 Kd6 39. Ra7
Re4 40. c5+ Kd5 41. Rxf7 1/2-1/2

[Event "BL 1718 SV Hofheim - FC Bayern München"]
[Site "?"]
[Date "2017.12.09"]
[Round "5.1"]
[White "Dragnev, Valentin"]
[Black "Volokitin, Andrei"]
[Result "0-1"]
[WhiteElo "2458"]
[BlackElo "2628"]
[PlyCount "58"]
[EventDate "2017.??.??"]

1. e4 c5 2. Nf3 d6 3. d4 cxd4 4. Nxd4 Nf6 5. Nc3 a6 6. g3 e6 7. Bg2 Qc7 8. O-O
Be7 9. Be3 Nc6 10. Nxc6 bxc6 11. Na4 Rb8 12. c4 c5 13. b3 Bb7 14. Nc3 O-O 15.
g4 Nd7 16. Rc1 Rbe8 17. f4 Qb8 18. g5 f5 19. Bh3 Rf7 20. exf5 exf5 21. Qd3 g6
22. Rfe1 Bxg5 23. fxg5 Ne5 24. Qc2 Nf3+ 25. Kf2 Nxe1 26. Rxe1 d5 27. Nxd5 Qxh2+
28. Bg2 Bxd5 29. cxd5 f4 0-1

[Event "BL 1718 SV Hofheim - FC Bayern München"]
[Site "?"]
[Date "2017.12.09"]
[Round "5.2"]
[White "Schroeder, Jan-Christian"]
[Black "Studer, Noel"]
[Result "1/2-1/2"]
[WhiteElo "2553"]
[BlackElo "2467"]
[PlyCount "179"]
[EventDate "2017.??.??"]

1. e4 e6 2. d4 d5 3. Nd2 h6 4. Ngf3 Nf6 5. Bd3 c5 6. exd5 Qxd5 7. O-O cxd4 8.
Nb3 Nc6 9. Nbxd4 Nxd4 10. Nxd4 Bd7 11. Be3 Bd6 12. c4 Qe5 13. g3 Bc5 14. Nf3
Qh5 15. Bxc5 Qxc5 16. Qe2 O-O 17. Rfd1 Rfd8 18. Rd2 Bc6 19. Rad1 Kf8 20. Ne5 a5
21. Bc2 Rxd2 22. Rxd2 Ke7 23. b3 g5 24. h3 h5 25. Nxc6+ bxc6 26. Qd3 Qe5 27.
Kg2 c5 28. Qf3 Ra7 29. Re2 Qd4 30. Qf5 g4 31. hxg4 hxg4 32. Qg5 Ra8 33. Re4 Rg8
34. Qh4 Qc3 35. Rf4 Qe5 36. Re4 Qf5 37. Rf4 Qg5 38. Qh1 Nh5 39. Re4 Rh8 40. Qe1
Nf6 41. Re3 Qh6 42. Kf1 Qh1+ 43. Ke2 Qxe1+ 44. Kxe1 Nd7 45. Kd2 f6 46. Kc3 Ne5
47. Be4 Kd6 48. a3 f5 49. Bb7 Rb8 50. Bg2 Rh8 51. Bb7 Nd7 52. Re1 Rh2 53. Bc8
Ne5 54. Re2 Rh1 55. Rd2+ Ke7 56. Re2 Kf6 57. Bb7 Ra1 58. Bc8 Rf1 59. Kc2 Rh1
60. Bb7 Ra1 61. Kc3 Nf7 62. Kb2 Rf1 63. Rd2 Ke7 64. Bg2 Rg1 65. Bb7 Ne5 66. Re2
Kd6 67. Bc8 Rh1 68. Rd2+ Ke7 69. Bb7 Re1 70. Kc3 Rf1 71. Bg2 Ra1 72. Re2 Nf7
73. Kb2 Rg1 74. Bb7 Kd7 75. Rd2+ Kc7 76. Ba8 Ng5 77. Re2 Kd7 78. Rd2+ Kc7 79.
Re2 Kd7 80. Rd2+ Ke7 81. b4 axb4 82. axb4 cxb4 83. c5 Nf3 84. Bxf3 gxf3 85. c6
Rh1 86. Rd7+ Ke8 87. Rd6 Ke7 88. Rd7+ Ke8 89. Rd6 Ke7 90. Rd7+ 1/2-1/2

[Event "BL 1718 SV Hofheim - FC Bayern München"]
[Site "?"]
[Date "2017.12.09"]
[Round "5.3"]
[White "Bischoff, Klaus"]
[Black "Savchenko, Stanislav"]
[Result "1-0"]
[WhiteElo "2505"]
[BlackElo "2470"]
[PlyCount "77"]
[EventDate "2017.??.??"]

1. c4 e5 2. Nc3 Nf6 3. Nf3 Nc6 4. d3 Bb4 5. Bd2 O-O 6. e3 Re8 7. Be2 Bxc3 8.
Bxc3 d5 9. cxd5 Nxd5 10. O-O Bg4 11. h3 Bh5 12. Qb3 Qd6 13. Rfd1 Nxc3 14. bxc3
b6 15. Qc4 Qf6 16. d4 Bxf3 17. Bxf3 e4 18. Be2 Qd6 19. Rab1 Na5 20. Qb4 Rad8
21. c4 g6 22. c5 Qd5 23. Qa4 h5 24. Rdc1 Re7 25. Rc2 Kg7 26. Qa3 Qe6 27. Rbc1
Red7 28. Bb5 Rd5 29. Be2 R5d7 30. cxb6 cxb6 31. Rc7 Rxc7 32. Rxc7 Rd7 33. Rc8
Qe7 34. Qc3 Qf6 35. Bb5 Re7 36. Ra8 Kh7 37. Qc8 Kh6 38. Qd8 Qe6 39. h4 1-0

[Event "BL 1718 SV Hofheim - FC Bayern München"]
[Site "?"]
[Date "2017.12.09"]
[Round "5.4"]
[White "Ginsburg, Gennadi"]
[Black "Johansson, Linus"]
[Result "1-0"]
[WhiteElo "2442"]
[BlackElo "2469"]
[PlyCount "79"]
[EventDate "2017.??.??"]

1. e4 e6 2. d4 d5 3. Nc3 Bb4 4. exd5 exd5 5. Bd3 Nc6 6. Nge2 Nf6 7. a3 Be7 8.
Bf4 a6 9. f3 b5 10. O-O Na5 11. Qc1 O-O 12. Kh1 Nh5 13. Be3 Nc4 14. Bf2 Bg5 15.
f4 Bh4 16. b3 Bxf2 17. Rxf2 Nf6 18. bxc4 bxc4 19. Bxh7+ Kxh7 20. f5 Re8 21. Qf4
Ne4 22. Rf3 Rb8 23. Raf1 Rb6 24. g4 Bb7 25. Re3 Qd6 26. Qxd6 cxd6 27. Kg1 Bc6
28. Nxe4 Rxe4 29. Rxe4 dxe4 30. Nc3 Rb2 31. d5 Ba8 32. Rc1 Kh6 33. Kf2 g6 34.
fxg6 Kxg6 35. Ke3 Rb8 36. h4 Rh8 37. h5+ Kg5 38. Nxe4+ Kxg4 39. Rg1+ Kf5 40.
Rg5# 1-0

[Event "BL 1718 SV Hofheim - FC Bayern München"]
[Site "?"]
[Date "2017.12.09"]
[Round "5.5"]
[White "Fedorovsky, Michael"]
[Black "Perske, Thore"]
[Result "1-0"]
[WhiteElo "2478"]
[BlackElo "2452"]
[PlyCount "93"]
[EventDate "2017.??.??"]

1. d4 Nf6 2. c4 g6 3. Nc3 Bg7 4. e4 d6 5. Be2 O-O 6. Be3 Na6 7. Nf3 e5 8. O-O
c6 9. d5 Ng4 10. Bg5 f6 11. Bh4 c5 12. Ne1 Nh6 13. Nd3 g5 14. Bg3 f5 15. exf5
Bxf5 16. f3 Bg6 17. Bf2 Nf5 18. Ne4 h5 19. Qd2 Bh6 20. Be3 Nxe3 21. Qxe3 Kg7
22. g4 Qe7 23. Kh1 hxg4 24. fxg4 Rxf1+ 25. Rxf1 Rf8 26. Rxf8 Qxf8 27. Nxg5 Nc7
28. h4 Qf6 29. Nf2 Bxg5 30. hxg5 Qf7 31. Kg2 b5 32. b3 b4 33. Bd3 Ne8 34. Qh3
Kg8 35. Bf5 Ng7 36. Ne4 Bxf5 37. Nf6+ Kf8 38. gxf5 Ke7 39. Kf3 a5 40. Ke4 a4
41. Qh8 axb3 42. axb3 Qf8 43. Ng8+ Kd7 44. f6 Ne8 45. Qh7+ Kc8 46. Ne7+ Kd8 47.
Qf5 1-0

[Event "BL 1718 SV Hofheim - FC Bayern München"]
[Site "?"]
[Date "2017.12.09"]
[Round "5.6"]
[White "Lobzhanidze, Davit"]
[Black "Lindgren, Philip"]
[Result "0-1"]
[WhiteElo "2422"]
[BlackElo "2395"]
[PlyCount "112"]
[EventDate "2017.??.??"]

1. e4 e5 2. Nf3 Nc6 3. Bc4 Bc5 4. c3 Nf6 5. d3 a6 6. O-O Ba7 7. Bb3 d6 8. Re1
h6 9. Nbd2 O-O 10. h3 Be6 11. Nf1 Re8 12. N3h2 Qd7 13. Qf3 Bxb3 14. axb3 Re6
15. Ng3 Ne7 16. Nf5 Nxf5 17. exf5 Ree8 18. Ng4 Nxg4 19. Qxg4 Kh7 20. Be3 Qb5
21. f6 Rg8 22. fxg7 Qxd3 23. Bxa7 Rxa7 24. Re3 Qg6 25. Qd7 b6 26. Ra4 Qe6 27.
Qxe6 fxe6 28. f4 b5 29. Rae4 exf4 30. Rxf4 e5 31. Rf6 Rxg7 32. Ref3 Ra8 33. Rf8
Rxf8 34. Rxf8 Kg6 35. Ra8 Kf5 36. Rxa6 Ke4 37. Ra5 c6 38. Ra6 Rc7 39. Ra1 Kd3
40. Rd1+ Kc2 41. Rxd6 Kxb2 42. c4 b4 43. Rd3 e4 44. Re3 Rd7 45. c5 Rd3 46. Rxe4
Kxb3 47. Rh4 h5 48. Kf2 Rd5 49. g4 hxg4 50. Rxg4 Rxc5 51. h4 Kc3 52. Rg5 Rc4
53. h5 b3 54. h6 b2 55. h7 Rh4 56. Rc5+ Kd4 0-1

[Event "BL 1718 SV Hofheim - FC Bayern München"]
[Site "?"]
[Date "2017.12.09"]
[Round "5.7"]
[White "Rafiee, Makan"]
[Black "Gurevich, Vladimir"]
[Result "0-1"]
[WhiteElo "2343"]
[BlackElo "2470"]
[PlyCount "86"]
[EventDate "2017.??.??"]

1. e4 c5 2. Nf3 a6 3. c3 d5 4. exd5 Qxd5 5. d4 Nf6 6. dxc5 Qxc5 7. Be3 Qc7 8.
h3 e6 9. Nbd2 Nbd7 10. Nb3 Be7 11. Be2 O-O 12. O-O b6 13. Nfd4 Bb7 14. Bf3 Ne5
15. Bxb7 Qxb7 16. Bf4 Nc4 17. Qe2 Rac8 18. Rfe1 Nd5 19. Bg3 Bf6 20. Rad1 Rfd8
21. Rd3 b5 22. Red1 Qb6 23. a3 a5 24. Kh2 h6 25. h4 Rd7 26. Nf3 b4 27. axb4
axb4 28. Nbd4 bxc3 29. bxc3 Rb7 30. Qe1 Nb2 31. Rb1 Nxd3 32. Rxb6 Rxb6 33. Qe4
Rxc3 34. Ne2 Nc5 35. Qg4 Rb4 36. Qh5 Rc2 37. Ne5 Bxe5 38. Qxe5 Nd3 39. Qh5 Nf6
40. Qf3 Nc5 41. Nf4 Nce4 42. Nd3 Rd4 43. Bf4 Rc3 0-1

[Event "BL 1718 SV Hofheim - FC Bayern München"]
[Site "?"]
[Date "2017.12.09"]
[Round "5.8"]
[White "Margolin, Boris"]
[Black "Gretz, Denis"]
[Result "1/2-1/2"]
[WhiteElo "2385"]
[BlackElo "2300"]
[PlyCount "147"]
[EventDate "2017.??.??"]

1. e4 c5 2. Nf3 e6 3. c3 d5 4. e5 d4 5. Bd3 Nc6 6. O-O Nge7 7. Re1 Nd5 8. Be4
g6 9. d3 Bg7 10. c4 Nde7 11. Bg5 Bd7 12. Nbd2 h6 13. Bxe7 Qxe7 14. Bxc6 Bxc6
15. Ne4 O-O 16. Qd2 a5 17. h4 b6 18. Qf4 a4 19. Nf6+ Kh8 20. Nh2 Rfb8 21. Nhg4
h5 22. Nh2 b5 23. b3 axb3 24. axb3 Rxa1 25. Rxa1 bxc4 26. bxc4 Qb7 27. Nf3 Bxf3
28. gxf3 Qc7 29. Kg2 Qd8 30. Ra7 Bxf6 31. exf6 Kg8 32. Rc7 Qf8 33. Qe5 Rc8 34.
Rd7 Qe8 35. Qd6 Qf8 36. Re7 Qd8 37. Qxd8+ Rxd8 38. Rc7 Ra8 39. Rxc5 Ra3 40.
Rc8+ Kh7 41. f4 Rxd3 42. Rf8 Rc3 43. Rxf7+ Kg8 44. Rc7 Rc1 45. Kf3 Re1 46. Rd7
Kf8 47. c5 d3 48. Rxd3 Rc1 49. Rd7 Rxc5 50. Re7 Rf5 51. Rxe6 Kf7 52. Rd6 Ra5
53. Ke4 Ra2 54. Ke3 Ra3+ 55. Kd4 Ra2 56. Ke3 Ra3+ 57. Ke4 Ra2 58. Kf3 Ra3+ 59.
Kg2 Ra4 60. Kg3 Ra3+ 61. f3 Ra5 62. Kf2 Ra3 63. Ke2 Rb3 64. Rc6 Ra3 65. Rd6 Rb3
66. Rd3 Rb4 67. Ke3 Kxf6 68. Rd6+ Kf5 69. Rd5+ Kf6 70. Rg5 Ra4 71. Re5 Ra2 72.
Rb5 Rh2 73. Rb6+ Kf5 74. Rb5+ 1/2-1/2

[Event "BL 1718 OSG Baden Baden - USV Dresden"]
[Site "?"]
[Date "2017.12.09"]
[Round "5.1"]
[White "Eljanov, Pavel"]
[Black "Wojtaszek, Radoslaw"]
[Result "1/2-1/2"]
[WhiteElo "2711"]
[BlackElo "2736"]
[PlyCount "81"]
[EventDate "2017.??.??"]

1. c4 Nf6 2. Nc3 e6 3. e4 d5 4. cxd5 exd5 5. e5 Ne4 6. Nf3 Bf5 7. a3 Be7 8. d4
c5 9. Bd3 Nc6 10. dxc5 Bxc5 11. O-O O-O 12. Qc2 Nd4 13. Nxd4 Bxd4 14. Nxe4 dxe4
15. Bxe4 Rc8 16. Qe2 Bxe4 17. Qxe4 Qb6 18. Rb1 Qg6 19. Re1 Qxe4 20. Rxe4 Rfd8
21. Kf1 Rc2 22. Bg5 f6 23. exf6 Rxf2+ 24. Ke1 gxf6 25. Rxd4 Rxd4 26. Be3 Rff4
27. Bxf4 Rxf4 28. Rc1 Re4+ 29. Kd2 Re7 30. Rc5 Kf7 31. g4 b6 32. Rd5 Kg6 33. h3
Re4 34. Rd7 Ra4 35. Rd5 Rf4 36. Ke2 f5 37. Rd6+ Kg5 38. gxf5 Rxf5 39. Rd7 a5
40. Rxh7 Rb5 41. b4 1/2-1/2

[Event "BL 1718 OSG Baden Baden - USV Dresden"]
[Site "?"]
[Date "2017.12.09"]
[Round "5.2"]
[White "Vallejo Pons, Francisco"]
[Black "Almasi, Zoltan"]
[Result "1/2-1/2"]
[WhiteElo "2707"]
[BlackElo "2682"]
[PlyCount "41"]
[EventDate "2017.??.??"]

1. d4 Nf6 2. c4 e6 3. Nc3 Bb4 4. Qc2 O-O 5. a3 Bxc3+ 6. Qxc3 b6 7. Bg5 Bb7 8.
e3 d6 9. Ne2 Nbd7 10. Rd1 h6 11. Bh4 Ne4 12. Bxd8 Nxc3 13. Nxc3 Rfxd8 14. f3
Kf8 15. Kf2 Ke7 16. e4 c6 17. Be2 e5 18. d5 Nc5 19. b4 Nb3 20. Rb1 Nd4 21. Rhc1
1/2-1/2

[Event "BL 1718 OSG Baden Baden - USV Dresden"]
[Site "?"]
[Date "2017.12.09"]
[Round "5.3"]
[White "Nisipeanu, Liviu-Dieter"]
[Black "Bacrot, Etienne"]
[Result "1-0"]
[WhiteElo "2671"]
[BlackElo "2725"]
[PlyCount "65"]
[EventDate "2017.??.??"]

1. e4 e5 2. Nf3 Nc6 3. Bb5 Nf6 4. d3 Bc5 5. Bxc6 dxc6 6. Nbd2 Be6 7. O-O Nd7 8.
Nb3 Be7 9. Na5 Qc8 10. Ng5 Bxg5 11. Bxg5 b6 12. Nxc6 Qb7 13. Nxe5 Nxe5 14. f4
h6 15. Bh4 g5 16. Be1 gxf4 17. Bc3 f6 18. Rxf4 O-O-O 19. Rxf6 Bg4 20. Qd2 Nd7
21. Rg6 Bh5 22. Rxh6 Rxh6 23. Qxh6 Bf7 24. Rf1 Bg8 25. a4 a6 26. h4 b5 27. axb5
axb5 28. Bd4 c5 29. Be3 c4 30. Kh1 Nb8 31. Rf5 Qa6 32. Rc5+ Kb7 33. Qg5 1-0

[Event "BL 1718 OSG Baden Baden - USV Dresden"]
[Site "?"]
[Date "2017.12.09"]
[Round "5.4"]
[White "Naiditsch, Arkadij"]
[Black "Bartel, Mateusz"]
[Result "1/2-1/2"]
[WhiteElo "2705"]
[BlackElo "2609"]
[PlyCount "95"]
[EventDate "2017.??.??"]

1. e4 c6 2. Nc3 d5 3. Nf3 Nf6 4. e5 Ne4 5. Ne2 Qb6 6. d4 e6 7. g3 c5 8. Bg2 Bd7
9. O-O Bb5 10. Re1 Nc6 11. c3 Rc8 12. Be3 Bc4 13. Qc2 a5 14. Nf4 Be7 15. dxc5
Nxc5 16. Nd4 O-O 17. b3 Ba6 18. Ndxe6 fxe6 19. Nxe6 d4 20. Nxf8 Bd3 21. Nd7 Qd8
22. Qd1 dxe3 23. Bh3 exf2+ 24. Kxf2 Nxd7 25. Qxd3 Ndxe5 26. Qf5 Qf8 27. Kg2
Qxf5 28. Bxf5 Rd8 29. Rad1 Kf7 30. Rxd8 Bxd8 31. Rf1 Bf6 32. Bxh7 Ng4 33. Kh3
Nce5 34. Be4 b6 35. b4 Ke7 36. bxa5 bxa5 37. Re1 Kd6 38. Kg2 Nc4 39. Rd1+ Kc7
40. Rb1 Nge3+ 41. Kf2 Bxc3 42. Rb7+ Kd6 43. Ke2 Be5 44. Kd3 Kc5 45. Rb1 Nd1 46.
Rxd1 Nb2+ 47. Kc2 Nxd1 48. Kxd1 1/2-1/2

[Event "BL 1718 OSG Baden Baden - USV Dresden"]
[Site "?"]
[Date "2017.12.09"]
[Round "5.5"]
[White "Vogel, Roven"]
[Black "Movsesian, Sergei"]
[Result "0-1"]
[WhiteElo "2463"]
[BlackElo "2647"]
[PlyCount "108"]
[EventDate "2017.??.??"]

1. d4 Nf6 2. Nf3 e6 3. c4 d5 4. Nc3 Bb4 5. Bg5 h6 6. Bxf6 Qxf6 7. Qa4+ Nc6 8.
e3 O-O 9. Rc1 Rd8 10. Be2 dxc4 11. Bxc4 Bd7 12. Qc2 Na5 13. Bd3 c5 14. a3 cxd4
15. axb4 dxc3 16. bxc3 Nc6 17. O-O Rac8 18. Qb1 Ne5 19. Nxe5 Qxe5 20. c4 b6 21.
Qa1 Qd6 22. Qc3 Bb5 23. Be2 Bxc4 24. Rfd1 Qe7 25. Bxc4 b5 26. Rxd8+ Qxd8 27.
Bxb5 Rxc3 28. Rxc3 Qd2 29. Rc8+ Kh7 30. Rc7 Qxb4 31. Bd3+ f5 32. Rxa7 h5 33.
Bf1 h4 34. Rc7 Kh6 35. Rc6 Qb3 36. Rc4 g5 37. h3 Kg6 38. Rd4 Kf6 39. Rc4 Qb2
40. Ra4 Qc1 41. Rc4 Qa3 42. Kh1 Qa5 43. Kg1 Ke7 44. e4 f4 45. Rc2 Qe1 46. Re2
Qb1 47. f3 Qb6+ 48. Rf2 Kd6 49. Be2 Qe3 50. Bf1 Kc5 51. Ba6 Kb4 52. Bf1 Kc3 53.
Ba6 Qb6 54. Bf1 e5 0-1

[Event "BL 1718 OSG Baden Baden - USV Dresden"]
[Site "?"]
[Date "2017.12.09"]
[Round "5.7"]
[White "Loxine, Jakov"]
[Black "Gustafsson, Jan"]
[Result "1/2-1/2"]
[WhiteElo "2402"]
[BlackElo "2638"]
[PlyCount "96"]
[EventDate "2017.??.??"]

1. e4 e5 2. Nf3 Nc6 3. Bc4 Bc5 4. c3 Nf6 5. d4 exd4 6. cxd4 Bb4+ 7. Bd2 Bxd2+
8. Nbxd2 d5 9. exd5 Nxd5 10. Qb3 Na5 11. Qa4+ Nc6 12. Qb3 Nce7 13. O-O O-O 14.
Rfe1 c6 15. Ne4 Nb6 16. Bd3 Bf5 17. Nc5 Bxd3 18. Qxd3 Rb8 19. Re4 Ned5 20. Rae1
Nd7 21. Qa3 N7f6 22. R4e2 a6 23. g3 Qc7 24. Ne5 a5 25. Qb3 Rfd8 26. a3 g6 27.
Qf3 Rf8 28. h4 Rbe8 29. Kg2 Re7 30. Ne4 Nxe4 31. Rxe4 Rfe8 32. h5 f6 33. Nc4
Rxe4 34. Rxe4 Rxe4 35. Qxe4 Kf7 36. hxg6+ hxg6 37. Qh4 Kg7 38. Qe4 Kf7 39. Qh4
Kg7 40. Qe4 b5 41. Ne3 Qe7 42. Kf3 Qd7 43. Nxd5 cxd5 44. Qf4 Qc6 45. Qe3 Kf7
46. Qc3 Qxc3+ 47. bxc3 g5 48. g4 a4 1/2-1/2

[Event "BL 1718 OSG Baden Baden - USV Dresden"]
[Site "?"]
[Date "2017.12.09"]
[Round "5.8"]
[White "Martin, Julian"]
[Black "Hoffmann, Paul"]
[Result "1-0"]
[WhiteElo "2429"]
[BlackElo "2382"]
[PlyCount "133"]
[EventDate "2017.??.??"]

1. e4 c5 2. Nf3 Nc6 3. d4 cxd4 4. Nxd4 Nf6 5. Nc3 d6 6. g3 g6 7. Nde2 Bg7 8.
Bg2 O-O 9. O-O h6 10. h3 Be6 11. Nd5 Kh7 12. a4 Ne5 13. Be3 Ne8 14. b3 Nc6 15.
Rc1 Qc8 16. Nef4 Bd7 17. Kh2 e5 18. Ne2 f5 19. exf5 Bxf5 20. g4 Be6 21. c4 Qd7
22. Qd3 Nf6 23. Rfd1 Rad8 24. Ng3 Nd4 25. Nxf6+ Bxf6 26. Be4 Rg8 27. Nh5 Bh8
28. Rf1 Rdf8 29. f4 Bxg4 30. Bxd4 Bxh5 31. Bxe5 Be2 32. Qxe2 dxe5 33. Bd5 Rg7
34. fxe5 Rf5 35. Rxf5 gxf5 36. Kh1 Qe7 37. Re1 Qh4 38. Bg2 Re7 39. Qf1 Qg5 40.
e6 Bc3 41. Re2 Bd4 42. Bd5 Qf6 43. Qf4 b6 44. a5 bxa5 45. Re1 Kg6 46. Qf3 Qg5
47. Qd3 Bc5 48. Rf1 Rg7 49. Be4 Kh7 50. Bxf5+ Kh8 51. Qf3 h5 52. Rd1 Qh4 53.
Qa8+ Rg8 54. Qb7 Be7 55. Qe4 Qg5 56. Rf1 Rg7 57. Qf3 Bd6 58. Bd3 Qe5 59. Rf2
Rg3 60. Qa8+ Rg8 61. Qe4 Qa1+ 62. Rf1 Qg7 63. Qd5 Be5 64. Qf3 Qg5 65. e7 Bd6
66. e8=Q Rxe8 67. Qf7 1-0

[Event "BL 1718 Speyer-Schwegenheim - Schachfre"]
[Site "?"]
[Date "2017.12.09"]
[Round "5.1"]
[White "Piorun, Kacper"]
[Black "Neiksans, Arturs"]
[Result "1-0"]
[WhiteElo "2651"]
[BlackElo "2590"]
[PlyCount "113"]
[EventDate "2017.??.??"]

1. e4 e5 2. Nf3 Nc6 3. Bb5 a6 4. Ba4 Nf6 5. O-O Be7 6. d3 b5 7. Bb3 d6 8. a3
O-O 9. Nc3 Na5 10. Ba2 Be6 11. Bxe6 fxe6 12. a4 b4 13. Ne2 Rb8 14. c3 bxc3 15.
bxc3 Nb3 16. Rb1 Nxc1 17. Qxc1 Nd7 18. Qc2 Bf6 19. Ng3 c6 20. Qa2 d5 21. Rxb8
Qxb8 22. d4 Qd6 23. Re1 Re8 24. h3 Kh8 25. Nh5 c5 26. Nxf6 gxf6 27. exd5 exd5
28. Qd2 Rg8 29. Nh4 cxd4 30. cxd4 e4 31. a5 Qa3 32. Re3 Qa1+ 33. Re1 Qa3 34.
Kh1 Qd6 35. Rc1 Nf8 36. Rc8 Ne6 37. Nf5 Qf4 38. Rxg8+ Kxg8 39. Ne3 Qd6 40. Qb2
Qc6 41. Nf5 Kf7 42. h4 Qc7 43. h5 Ng7 44. Qb3 Qc6 45. Nxg7 Kxg7 46. Kh2 Qd7 47.
Qg3+ Kh6 48. Qf4+ Kg7 49. Kg3 Qb5 50. Qc7+ Kf8 51. h6 Qd3+ 52. Kh2 Qxd4 53.
Qg7+ Ke8 54. Qg8+ Ke7 55. Qxh7+ Kd6 56. Qf5 Qc3 57. h7 1-0